000
00317nam a22001337a 4500
020
_a
978812033017
082
_2
22
_a
302.2
100
_a
Sen, Leena.
245
_a
Communication skills /
250
_a
2 nd
260
_a
New Delhi,
_b
Prentice Hal,
_c
c2007.
300
_a
xiii,276 p. ;
_b
ill. ;
_c
24 cm.
942
_2
ddc
_c
GEN
999
_c
1705
_d
1705